|
|
|
|
| LEADER |
00000nam a22000007a 4500 |
| 005 |
20160901140025.0 |
| 007 |
cr|||| |||| |
| 008 |
160901s1996 sp |||||s|||| 00||0 spa d |
| 020 |
|
|
|a 8471308916
|
| 035 |
|
|
|z 1603
|
| 040 |
|
|
|a vLex
|
| 090 |
|
|
|c 6231
|d 6231
|
| 245 |
0 |
0 |
|a Comentarios a la Constitucin̤ Espaǫla de 1978
|h [Recurso electrn̤ico] /
|c dirigidos por Oscar Alzaga Villaamil
|p Tomo IV - Articulos 39 a 55 de la Constitucion Espaǫla de 1978
|
| 256 |
|
|
|a Servicio en ln̕ea
|
| 260 |
|
|
|a [Madrid] :
|b Cortes Generales :
|b EDERSA,
|c D.L.1996
|
| 300 |
|
|
|a 668 p.;
|
| 506 |
1 |
|
|a Contenido solo disponible en los productos indicados
|d vLex Global
|d vLex Global (Academic Edition, excluding Law Schools)
|d vLex Global (U.S. Academic Edition, Law Schools)
|d vLex Global (U.S. Academic Edition, excluding Law Schools)
|d vLex Global (Academic Edition, Law Schools)
|
| 650 |
0 |
7 |
|a Constitucional
|2 Tesauro vlex
|
| 650 |
0 |
7 |
|2 Tesauro vLex
|a Derechos fundamentales
|
| 650 |
0 |
7 |
|2 Tesauro vLex
|a Vinculacin̤ de los poderes polt̕icos
|
| 700 |
0 |
|
|a Alzaga Villaamil, Oscar,
|e dir
|
| 700 |
0 |
|
|a Rubio Llorente, Francisco
|
| 710 |
1 |
|
|a Espaą
|b Cortes Generales,
|e ed
|
| 740 |
0 |
|
|a vLex Libros (Servicios en ln̕ea)
|
| 856 |
4 |
0 |
|u http://vlex.com/source/constitucion-espa-ola-comentarios-tomo-iv-1603
|z Acceso restringido
|
| 942 |
|
|
|c BOOK
|